书目信息 |
| 题名: |
植物分子遗传学
|
|
| 作者: | 刘良式 编著 | |
| 分册: | ||
| 出版信息: | 北京 科学出版社 1998.05 |
|
| 页数: | 632页 | |
| 开本: | 20cm | |
| 丛书名: | ||
| 单 册: | ||
| 中图分类: | Q943 | |
| 科图分类: | ||
| 主题词: | 植物学:遗传学 | |
| 电子资源: | ||
| ISBN: | 7-03-005492-X | |
| 000 | 00564nam0 2200193 45 | |
| 001 | 0256560673 | |
| 005 | 2002040915424002 | |
| 010 | @a7-03-005492-X@b精装@dRMB 39.00 | |
| 100 | @a20020409d1998 km y0chiy0120 ea | |
| 101 | 0 | @achi |
| 102 | @aCN@b110000 | |
| 200 | 1 | @a植物分子遗传学@Azhi wu fen zi yi chuan xue@f刘良式等编著@Fliu liang shi deng bian zhu |
| 210 | @a北京@c科学出版社@d1998.05 | |
| 215 | @a632页@d20cm | |
| 606 | 0 | @a植物学:遗传学 |
| 690 | @aQ943@v3 | |
| 701 | 0 | @a刘良式@Aliu liang shi@4编著 |
| 801 | 0 | @aCN@bPFT@c20020409 |
| 905 | @a10447@dQ943@eL640 | |
| 植物分子遗传学/刘良式等编著.-北京:科学出版社,1998.05 |
| 632页;20cm |
| ISBN 7-03-005492-X(精装):RMB 39.00 |
| ● |
| 相关链接 |
|
|
|
正题名:植物分子遗传学
索取号:Q943/L640
 
预约/预借
| 序号 | 登录号 | 条形码 | 馆藏地/架位号 | 状态 | 备注 |
| 1 | 358422 | 203584228 | 期刊室512/401自科库 34排4列1层/ [索取号:Q943/L640] | 在馆 | |
| 2 | 358423 | 203584237 | 期刊室512/401自科库 34排4列1层/ [索取号:Q943/L640] | 在馆 | |
| 3 | 358424 | 203584246 | 自科库401/401自科库 34排4列2层/ [索取号:Q943/L640] | 在馆 |